Sociology and social problems (Record no. 563403)
[ view plain ]
| 000 -LEADER | |
|---|---|
| fixed length control field | 00347nam a2200121Ia 4500 |
| 008 - FIXED-LENGTH DATA ELEMENTS--GENERAL INFORMATION | |
| fixed length control field | 210430s9999 xx 000 0 und d |
| 082 ## - DEWEY DECIMAL CLASSIFICATION NUMBER | |
| Classification number | 301 T125 S |
| 100 ## - MAIN ENTRY--PERSONAL NAME | |
| Personal name | Prof Abdul Hameed Taga |
| 245 ## - TITLE STATEMENT | |
| Title | Sociology and social problems |
| Statement of responsibility, etc. | Prof Abdul Hameed Taga |
| 260 ## - PUBLICATION, DISTRIBUTION, ETC. | |
| Place of publication, distribution, etc. | Lahore |
| Name of publisher, distributor, etc. | Abdul Hameed Taga & Sons |
| Date of publication, distribution, etc. | 2008 |
| 300 ## - PHYSICAL DESCRIPTION | |
| Extent | 413p. |
| 942 ## - ADDED ENTRY ELEMENTS (KOHA) | |
| Koha item type | Book |
| Source of classification or shelving scheme | |
| Withdrawn status | Lost status | Damaged status | Not for loan | Collection code | Permanent Location | Current Location | Shelving location | Date acquired | Total Checkouts | Full call number | Barcode | Date last seen | Date last checked out | Price effective from | Koha item type |
|---|---|---|---|---|---|---|---|---|---|---|---|---|---|---|---|
| School of Chemical & Materials Engineering (SCME) | School of Chemical & Materials Engineering (SCME) | General Stacks | 03/11/6 | 1 | 301 T125 S | SCME-2321 | 02/14/2022 | 02/08/2022 | 04/30/2021 | Book |
